Contrastive analysis / (رقم التسجيلة. 79717)
[ عرض عادي ]
| 000 -الفاتح | |
|---|---|
| حقل البيانات ثابتة الطول | 00701nam a2200253 4500 |
| 001 - رقم الضبط | |
| رقم الضبط | 9324645 |
| 003 - محدد رقم الضبط | |
| رقم الضبط | OSt |
| 005 - وقت وتاريخ اخر تعامل مع التسجيلة | |
| رقم الضبط | 20220314132838.0 |
| 008 - عناصر البيانات ثابتة الطول - معلومات عامة | |
| حقل البيانات ثابتة الطول | 830301s1980 enka b 00110 eng |
| 010 ## - رقم ضبط مكتبة الكونجرس | |
| رقم ضبط مكتبة الكونجرس | 81169159 |
| 020 ## - الرقم الدولى المعيارى للكتب | |
| الرقم الدولى المعيارى للكتاب | 0582553709 (pbk.) |
| 040 ## - مصدر الفهرسة | |
| وكالة الفهرسة الأصلية | DLC |
| وكالة النسخ | DLC |
| وكالة التعديل | CIN |
| 050 0# - رقم طلب مكتبة الكونجرس | |
| رقم التصنيف | P134 |
| رقم المادة | .J35 1980 |
| 082 0# - رقم تصنيف ديوى العشرى | |
| رقم التصنيف | 410 |
| رقم الطبعة | 22 |
| رقم المادة | JCC |
| 100 10 - المدخل الرئيسى - إسم شخصى | |
| الإسم الشخصى | James, Carl |
| 9 (RLIN) | 89439 |
| 245 10 - بيان العنوان | |
| العنوان | Contrastive analysis / |
| بيان المسئوليه,etc | Carl James |
| 260 0# - PUBLICATION, DISTRIBUTION, ETC. (IMPRINT) | |
| مكان الناشر او الموزع | Harlow, Essex : |
| اسم الناشر او الموزع | Longman, |
| تاريخ النشر أو التوزيع | 1980 |
| 300 ## - الوصف المادى | |
| التعداد | v, 208 p. : |
| تفاصيل ماديه اخرى للوعاء | ill. ; |
| أبعاد الوعاء | 22 cm |
| 490 0# - بيان السلسلة | |
| عنوان السلسلة | Applied linguistics and language study |
| 500 ## - تبصرة عامة | |
| تبصرة عامة | Includes index |
| 504 ## - تبصرة ببليوجرافية | |
| تبصرة ببليوجرافية,الخ | Bibliography: p. 193-205 |
| 650 #0 - المدخل الاضافى بالموضوع-مصطلح موضوعى | |
| مصطلح موضوعي أو اسم جغرافي كعنصر مدخل | Contrastive linguistics |
| 9 (RLIN) | 35556 |
| 942 ## - عناصر المدخل الإضافي( كوها) | |
| مصدر التصنيف او مخطط الترفيف | Dewey Decimal Classification |
| Koha [default] item type | كتاب |
| حالة الفقد | نموذج السعر الفعال | حالة تلف | ليس للاعارة | رقم الطلب | تاريخ الاكتساب | الموقع الحالي | الباركود | الفرع الرئيسي | Date last seen | نوع المادة فى نظام كوها | مصدر التصنيف او خطة الترفيف | Total Checkouts |
|---|---|---|---|---|---|---|---|---|---|---|---|---|
| 2022-03-14 | 410 JCC | 2022-03-14 | المكتبة المركزية بالمجمعة (CL) | 00168815 | المكتبة المركزية بالمجمعة (CL) | 2022-03-14 | كتاب | Dewey Decimal Classification | ||||
| 2022-03-14 | 410 JCC | 2022-03-14 | المكتبة المركزية بالمجمعة (CL) | 00168816 | المكتبة المركزية بالمجمعة (CL) | 2022-03-14 | كتاب | Dewey Decimal Classification | ||||
| 2022-03-14 | 410 JCC | 2022-03-14 | المكتبة المركزية بالمجمعة (CL) | 00168817 | المكتبة المركزية بالمجمعة (CL) | 2022-03-14 | كتاب | Dewey Decimal Classification | ||||
| 2022-03-14 | 410 JCC | 2022-03-14 | مكتبة كلية التربية بالزلفى - طالبات (EZF) | 00168820 | مكتبة كلية التربية بالزلفى - طالبات (EZF) | 2022-03-14 | كتاب | Dewey Decimal Classification | ||||
| 2022-03-14 | 410 JCC | 2022-03-14 | مكتبة كلية التربية بالزلفى - طالبات (EZF) | 00168821 | مكتبة كلية التربية بالزلفى - طالبات (EZF) | 2022-03-14 | كتاب | Dewey Decimal Classification | ||||
| 2022-03-14 | 410 JCC | 2022-03-14 | مكتبة كلية العلوم و الدراسات الإنسانية برماح - طالبات (SRF) | 00168818 | مكتبة كلية العلوم و الدراسات الإنسانية برماح - طالبات (SRF) | 2022-03-14 | كتاب | Dewey Decimal Classification | ||||
| 2022-03-14 | 410 JCC | 2022-03-14 | مكتبة كلية العلوم و الدراسات الإنسانية برماح - طالبات (SRF) | 00168819 | مكتبة كلية العلوم و الدراسات الإنسانية برماح - طالبات (SRF) | 2022-03-14 | كتاب | Dewey Decimal Classification |
